000 00321nam a2200145Ia 4500
999 _c10537
_d10537
003 OSt
005 20220330125031.0
008 220318s9999 xx 000 0 und d
020 _a9789881964533
082 _a721
100 _aTANG ART
245 0 _aArchitectural innovation manual
260 _aTANG ART
942 _2ddc